Electrochemical sensing of biomolecules at carbon-based electrodes

Enregistré dans:
Détails bibliographiques
Auteur principal: Sarakhman, Olha (Auteur)
Autres auteurs: Švorc, Ľubomír (Directeur de thèse)
Format: Manuscrit Livre
Langue:slovaque
Publié: 2022
Sujets:
Accès en ligne:http://is.stuba.sk/zp/portal_zp.pl?podrobnosti=152802
Tags: Ajouter un tag
Pas de tags, Soyez le premier à ajouter un tag!

MARC

LEADER 00000ntm a22000003a 4500
001 stuzp71374
003 SK-STU
005 20220903210430.8
007 ta
008 150427s2015----xo-----f-mn---000-0-slo-d
040 |a STU  |b slo 
041 0 |a slo 
100 1 |a Sarakhman, Olha  |u 041000  |k Z1  |4 aut  |U FCHPT Fakulta chemickej a potravinárskej technológie  |T FCHPT Ústav analytickej chémie  |X 95339  |U C1000  |Y 99  |7 95339 
242 0 1 |a Electrochemical sensing of biomolecules at carbon-based electrodes  |y eng 
245 1 0 |a Electrochemical sensing of biomolecules at carbon-based electrodes 
260 |c 2022 
650 4 |a bórom dopovaný diamant  |2 slo 
650 4 |a biouhlie  |2 slo 
650 4 |a uhlíková pasta  |2 slo 
650 4 |a electrochemický senzor  |2 slo 
650 4 |a carbon paste  |2 eng 
650 4 |a electrochemical sensor  |2 eng 
650 4 |a biochar  |2 eng 
650 4 |a boron-doped diamond  |2 eng 
700 1 |a Švorc, Ľubomír  |u 041000  |k Z1  |4 ths  |U FCHPT Fakulta chemickej a potravinárskej technológie  |T FCHPT Ústav analytickej chémie  |X 19350  |U C1000  |Y 99  |7 A000019350 
856 4 |u http://is.stuba.sk/zp/portal_zp.pl?podrobnosti=152802